02375nim a2200493 i 4500001000700000003000900007005001700016007001500033008004100048040001800089245012300107260004000230300004600270490004500316505065100361518009301012520006201105540002401167610006901191611007401260650002501334653002601359655001701385700002501402700002501427700004501452700003701497700003401534700002301568700004201591710003101633830007401664852001301738852001301751852001301764852001301777852001301790852001301803852001301816852001301829852001301842852001301855852001301868197227ES-MaACL20250828005705.0ss lsnjlcipnne250424e1990 sp nnnn |||| 00| spa d bspacES-MaACL00aJornadas Internacionales "Los visigodos y su mundo"h[Grabación sonora] :bdías 22, 23 y 24 de noviembre de 1990  aMadrid : bAteneo de Madrid, c1990 a11 casetes (ca. 990 min) :bson. ;c11 cm1 aActos culturales en el Ateneo de Madrid.0 aCintas 1-5 contienen las conferencias: “Visigothisch-Westgotische Etnogenesen”, por Herwig Wolfram. “Hispania entre el Imperio Romano y las monarquías germánicas”, por José Vilella. “Atención social e integración cultural en el monacato visigodo”, por Pablo Diaz Martínez. Cintas 6-11 contienen las conferencias: "Las pizarras visigóticas como reflejo de una cultura”, por Isabel Velázquez. “La educación en la obra de Isidoro de Sevilla”, por Carmen Codoñer. “La legislación visigoda, instrumento de dominación”, por Carlos Petit. “Final del reino visigodo de Toledo”, por Luis García Moreno  aGrabado el 22, 23 y 24 de noviembre de 1990 en el Salón de Actos del Ateneo de Madrid. aJornadas Internacionales sobre los visigodos y su mundo.  aDocumento inédito20aAteneo de Madrid-xActos culturales-y1990-vGrabaciones sonoras24aJornadas Internacionales "Los Visigodos y su Mundo"d(1990. cMadrid) 4aVisigodos-xHistoria aArchivo de la palabra 0aConferencias1 aWolfram, Herwigeora1 aVilella, Joséeora1 aDíaz Martínez, Pablo de la Cruzeora1 aVelázquez Soriano, Isabeleora1 aCodoñer Merino, Carmeneora1 aPetit, Carloseora1 aGarcía Moreno, Luis A.,eorad1950-2 aAteneo de Madridehiseisb 0aActos culturales en el Ateneo de Madrid.pSeminarios, jornadas, foros4 aES-MaACL4 aES-MaACL4 aES-MaACL4 aES-MaACL4 aES-MaACL4 aES-MaACL4 aES-MaACL4 aES-MaACL4 aES-MaACL4 aES-MaACL4 aES-MaACL